|
|
|
|
| LEADER |
00000nab a2200000 ar4500 |
| 001 |
vtls009528884 |
| 003 |
SK-MaSNL |
| 005 |
20260303060655.0 |
| 008 |
090623c20090616xo mr|p|||||||000 b|slo |
| 015 |
|
|
|a SNKBUCL2009/07
|2 snkbucl
|
| 038 |
|
|
|a SNKBUCL
|
| 040 |
|
|
|a SNKBUCL
|b slo
|c SNKBUCL
|e AACR2
|
| 041 |
0 |
|
|a slo
|
| 044 |
|
|
|a xo
|c SK
|
| 080 |
|
|
|a 796.323.2.093.1
|x (4)
|2 2001
|
| 100 |
1 |
|
|a Klein, Radovan
|4 aut
|9 1034403
|
| 245 |
1 |
0 |
|a Tesná prehra, ktorá nemusí mrzieť
|b Slovensko - Grécko 57:59 (16:17, 36:33, 43:46) vo šiestom zápase našich dievčat na šampionáte
|c Radovan Klein
|
| 300 |
|
|
|b Fotogr., tab.
|
| 611 |
2 |
7 |
|a Majstrovstvá Európy basketbalistiek
|n (32. :
|d 2009 :
|c Liepaje, Lotyšsko)
|2 snkbucl
|9 1053263
|
| 650 |
0 |
7 |
|a basketbal
|2 snkbucl
|9 3290
|
| 650 |
0 |
7 |
|a ženy
|2 snkbucl
|9 4865
|
| 773 |
0 |
|
|t Šport
|g Roč. 63, č. 137 (16.6.2009), s. 32
|x 0139-7001
|
| 852 |
|
|
|a SNK
|b KIS3GCP
|
| 999 |
|
|
|c 1732374
|d 1734304
|